000 00521nam a2200193Ia 4500
003 GCL
008 140319s9999 xx 000 0 eng d
040 _aGCL /
_cGCL
082 0 4 _a843
_bB C
100 1 _aROBERT, BADINTER
245 1 0 _aCONDORCET (1743-1794) UN INTELLECTUEL EN POLITIQUE /
_cROBERT, BADINTER
700 1 _aELISABETH, BADINTER
260 _a[S.N] :
_bFAYARD ،
_c1990
300 _a749 P
490 _aLE LIVRE DE POCHE
_v0
650 0 4 _aLITERATURE
650 0 4 _aFRENCH LITERATURE
942 _2ddc
_cBK
999 _c23422
_d23422